Helen Keller : (Record no. 1966)

MARC details
000 -LEADER
fixed length control field 01743cam a2200385 a 4500
001 - CONTROL NUMBER
control field 1966
003 - CONTROL NUMBER IDENTIFIER
control field FISKH
005 - DATE AND TIME OF LATEST TRANSACTION
control field 20231023100336.0
008 - FIXED-LENGTH DATA ELEMENTS--GENERAL INFORMATION
fixed length control field 060927s2007 nyua j b 001 0beng
010 ## - LIBRARY OF CONGRESS CONTROL NUMBER
LC control number 2006051401
020 ## - INTERNATIONAL STANDARD BOOK NUMBER
International Standard Book Number 0439918154
020 ## - INTERNATIONAL STANDARD BOOK NUMBER
International Standard Book Number 9780545685313
035 ## - SYSTEM CONTROL NUMBER
System control number (OCoLC)72871401
035 ## - SYSTEM CONTROL NUMBER
System control number (OCoLC)ocm72871401
040 ## - CATALOGING SOURCE
Original cataloging agency DLC
Transcribing agency DLC
Modifying agency YDX
-- BTCTA
-- BAKER
-- DAJ
-- GK8
-- YDXCP
-- XY4
-- HOO
-- EHH
-- UPZ
-- VP@
-- IXA
-- JED
-- DLC
Language of cataloging eng
042 ## - AUTHENTICATION CODE
Authentication code lcac
050 00 - LIBRARY OF CONGRESS CALL NUMBER
Classification number HV1624.K4
Item number S853 2007
082 00 - DEWEY DECIMAL CLASSIFICATION NUMBER
Classification number 362.4/1092
-- B
Edition number 22
100 1# - MAIN ENTRY--PERSONAL NAME
Personal name Sullivan, George,
Dates associated with a name 1927-
245 10 - TITLE STATEMENT
Title Helen Keller :
Remainder of title her life in pictures /
Statement of responsibility, etc. George Sullivan ; foreword by Keller Johnson Thompson.
260 ## - PUBLICATION, DISTRIBUTION, ETC.
Place of publication, distribution, etc. New York :
Name of publisher, distributor, etc. Scholastic,
Date of publication, distribution, etc. 2007.
300 ## - PHYSICAL DESCRIPTION
Extent 80 pages :
Other physical details illustrations ;
Dimensions 26 cm
505 ## - FORMATTED CONTENTS NOTE
Formatted contents note R<br/>
520 ## - SUMMARY, ETC.
Summary, etc. The fascinating life of one of the most popular historical figures is told through images -- most rarely, if ever, seen -- from the American Foundation for the Blind and The Perkins School for the Blind. The images trace Keller's life from birth, to childhood with Annie Sullivan in the cottage, to college, and on to her many years as a dedicated social activist and spokesperson.--From amazon.com.
521 ## - TARGET AUDIENCE NOTE
Target audience note 770<br/>
Source Lexile<br/>
521 ## - TARGET AUDIENCE NOTE
Target audience note R<br/>
Source Raz-Plus<br/>
600 10 - SUBJECT ADDED ENTRY--PERSONAL NAME
Personal name Keller, Helen,
Dates associated with a name 1880-1968
Form subdivision Juvenile literature.
600 10 - SUBJECT ADDED ENTRY--PERSONAL NAME
Personal name Keller, Helen,
Dates associated with a name 1880-1968
Form subdivision Pictorial works
-- Juvenile literature.
600 11 - SUBJECT ADDED ENTRY--PERSONAL NAME
Personal name Keller, Helen,
Dates associated with a name 1880-1968.
600 11 - SUBJECT ADDED ENTRY--PERSONAL NAME
Personal name Keller, Helen,
Dates associated with a name 1880-1968
Form subdivision Pictorial works.
650 #0 - SUBJECT ADDED ENTRY--TOPICAL TERM
Topical term or geographic name entry element Deafblind people
Geographic subdivision United States
Form subdivision Biography
-- Juvenile literature.
650 #1 - SUBJECT ADDED ENTRY--TOPICAL TERM
Topical term or geographic name entry element Deafblind people
Geographic subdivision United States
Form subdivision Biography
906 ## - LOCAL DATA ELEMENT F, LDF (RLIN)
a 7
b cbc
c orignew
d 1
e ocip
f 20
g y-gencatlg
942 ## - ADDED ENTRY ELEMENTS (KOHA)
Source of classification or shelving scheme Dewey Decimal Classification
Koha item type Books
Suppress in OPAC No
Holdings
Withdrawn status Lost status Source of classification or shelving scheme Damaged status Not for loan Collection Home library Current library Shelving location Date acquired Total Checkouts Full call number Barcode Date last seen Price effective from Koha item type
    Dewey Decimal Classification     Non-Fiction Footprints International School Library Network Toul Kork Campus Footprints International School Library Network Toul Kork Campus TK Primary Library Room(4th Floor), Bookcase 5&6, Shelves 33-56, Orange Books 10/23/2023   SUL 362.4 HV1624.K4 FISTK05598 10/23/2023 10/23/2023 Books